[Event "Titled Tue 17th Jun Late"]
[Site "chess.com INT"]
[Date "2025.06.17"]
[Round "5"]
[White "Ambartsumova, Karina"]
[Black "Ersahin, Bulent"]
[Result "1/2-1/2"]
[WhiteTitle "IM"]
[BlackTitle "CM"]
[WhiteElo "2403"]
[BlackElo "2106"]
[WhiteFideId "4166299"]
[BlackFideId "6302670"]
[EventDate "2025.06.17"]

1. Nf3 Nf6 2. c4 g6 3. g3 Bg7 4. Bg2 O-O 5. Nc3 c5 6. d4 cxd4 7. Nxd4 Nc6 8. Nc2
d6 9. O-O Be6 10. Ne3 a6 11. b3 Rb8 12. Bb2 Qa5 13. Qd2 Rfc8 14. a3 Qd8 15. Rac1
Na5 16. Qd1 b5 17. Ncd5 Nxd5 18. cxd5 Bxb2 19. Rb1 Bxd5 20. Bxd5 Bg7 21. Bg2 e6
22. h4 h5 23. Qd2 Rc3 24. b4 Nc4 25. Nxc4 Rxc4 26. Rfd1 d5 27. Rb3 Rbc8 28. Rf3
Qc7 29. Qg5 Rc1 30. Rd3 Rxd1+ 31. Rxd1 Qc2 32. Rd2 Qc1+ 33. Kh2 Qxa3 34. e4 d4
35. Qe7 Qc3 36. Ra2 d3 37. Qd7 Rc7 38. Qd8+ Kh7 39. Rxa6 d2 40. Rd6 Qxb4 41.
Rxd2 Qc5 42. f4 b4 43. e5 Qc3 44. Qd3 b3 45. Qxc3 Rxc3 46. Rb2 Bf8 47. Be4 Ba3
48. Rb1 Rc2+ 49. Kh3 Rc3 50. Kg2 b2 51. Kf2 Rc1 52. Ke2 Kg7 53. Kd2 Kf8 54. Bc2
Ke7 55. Be4 Kd8 56. Ke2 Kc7 57. Kd2 Kb6 58. Bc2 Kc5 59. Kc3 Kd5 60. Kd3 Kc5 61.
Kc3 Kb5 62. Kb3 Rxb1 63. Bxb1 Bc5 64. Bd3+ Kb6 65. Kxb2 Bf2 66. g4 hxg4 67. h5
gxh5 68. f5 exf5 69. Bxf5 g3 70. Bh3 Bd4+ 71. Kc2 Bxe5 72. Kd3 Kc5 73. Ke4 Kd6
74. Kf5 h4 75. Kg4 Bf6 76. Kf5 Be7 77. Bg2 Kc5 78. Ke5 Kc4 79. Ke4 Kc3 80. Ke3
Bg5+ 81. Ke4 Kd2 82. Kf3 f5 83. Bh3 f4 84. Bg2 Ke1 85. Bh3 Kd2 86. Bg2 Kd3 87.
Bh3 Kd2 1/2-1/2

[Event "Titled Tue 17th Jun Late"]
[Site "chess.com INT"]
[Date "2025.06.17"]
[Round "5"]
[White "Ameir, Moheb"]
[Black "Gattani, Sarthak"]
[Result "1/2-1/2"]
[WhiteTitle "IM"]
[WhiteElo "2364"]
[BlackElo "1944"]
[WhiteFideId "10600620"]
[BlackFideId "30995965"]
[EventDate "2025.06.17"]

1. e4 e5 2. Nf3 Nc6 3. Bb5 a6 4. Ba4 Nf6 5. O-O Be7 6. Re1 b5 7. Bb3 O-O 8. c3
d6 9. h3 Nb8 10. d4 Nbd7 11. Nbd2 Bb7 12. Bc2 Re8 13. Nf1 Bf8 14. Ng3 g6 15. b3
Bg7 16. d5 Qe7 17. c4 c5 18. dxc6 Bxc6 19. Bg5 bxc4 20. bxc4 Nc5 21. Qd2 Qf8 22.
Qe2 h6 23. Bd2 Rab8 24. Bc3 Kh7 25. Nh2 Qe7 26. Ng4 Nxg4 27. hxg4 Qe6 28. Rab1
Rec8 29. Nf1 Ba4 30. Ne3 Bc6 31. f3 Bf6 32. Nd5 Bxd5 33. cxd5 Qd7 34. Bd2 Bg5
35. Bxg5 hxg5 36. Qd2 f6 37. Kf2 Kg7 38. Kg3 Qc7 39. Bd3 Rxb1 40. Rxb1 Rb8 41.
Rc1 Qb6 42. Rc2 Qb4 43. Be2 Qxd2 44. Rxd2 a5 45. Rc2 Kf7 46. Kf2 Ke7 47. Ke3 Kd7
48. Kd2 Rb4 49. Kc1 Rb8 50. Rb2 Rxb2 51. Kxb2 Kc7 52. Kc3 Kb6 53. Kc4 Na4 54.
Kb3 Nc5+ 55. Kc4 Nd7 56. Bd1 Nc5 57. Bc2 Na6 58. Ba4 Nb4 59. a3 Na2 60. Kd3 Kc5
61. Kc2 Kd4 62. Be8 Nc3 63. Bxg6 Ne2 64. Kb3 Kc5 65. Ka4 Kb6 66. g3 Nxg3 67. Kb3
Ne2 68. Kc4 Nd4 69. Bf5 Nxf3 70. a4 Nd4 71. Bd7 Ne2 72. Bf5 Ng3 73. Bg6 Ne2 74.
Bf5 Nf4 75. Kc3 Nh3 76. Kc4 Nf2 77. Kb3 Kc5 78. Kc3 Nh3 79. Kd3 Nf4+ 80. Kc3 Nh3
81. Be6 Nf2 82. Bf5 Nh3 1/2-1/2

[Event "Titled Tue 17th Jun Late"]
[Site "chess.com INT"]
[Date "2025.06.17"]
[Round "5"]
[White "Storn, Justin"]
[Black "Al-Tarboush, Ward"]
[Result "0-1"]
[BlackTitle "FM"]
[WhiteElo "2073"]
[BlackElo "2223"]
[WhiteFideId "30922720"]
[BlackFideId "7601450"]
[EventDate "2025.06.17"]

1. c4 c5 2. g3 Nc6 3. Bg2 g6 4. Nc3 Bg7 5. Nf3 d6 6. O-O e5 7. d3 Nge7 8. a3 O-O
9. Rb1 a5 10. Ne1 Be6 11. Bg5 f6 12. Bd2 f5 13. Nc2 Rb8 14. Ne3 Qd7 15. Ned5 b6
16. b4 axb4 17. axb4 Kh8 18. b5 Nd8 19. Ra1 Nf7 20. Ra6 Nc8 21. Na4 Qd8 22.
Ndxb6 Nxb6 23. Ba5 e4 24. Nxb6 Qf6 25. dxe4 fxe4 26. Bxe4 Ng5 27. Bd5 Nh3+ 28.
Kg2 Nxf2 29. Qe1 Bh3+ 30. Kg1 Bxf1 31. Qxf1 Qd4 32. Bf3 Ng4+ 33. Kh1 Ne5 34. Nd5
Nxc4 35. Bc3 Nd2 36. Bxd4 Nxf1 37. Bxg7+ Kxg7 38. Rxd6 Rxb5 39. Rc6 Rb1 40. Kg2
Rc1 41. h4 c4 42. h5 c3 43. Rxc3 Rxc3 44. Nxc3 Ne3+ 45. Kf2 Ng4+ 46. Kg2 gxh5
47. Ne4 Kg6 48. Nc5 Nf6 49. Ne6 Rb8 50. Nf4+ Kh6 51. Kf2 Rb2 52. Ke3 Ra2 53. Kf2
Ra3 54. Ne6 Ng4+ 55. Kg2 Ne5 56. Nf4 Ng4 57. Nd5 Kg5 58. Nf4 Ne3+ 59. Kf2 Nd1+
60. Kg2 h4 61. Nh3+ Kf5 62. gxh4 Ne3+ 63. Kf2 Ng4+ 64. Kg2 Ne3+ 65. Kf2 Nd1+ 66.
Kg3 Nc3 67. Nf2 Nxe2+ 68. Kg2 Nf4+ 69. Kg3 Ne2+ 70. Kg2 Nf4+ 71. Kg3 Nh5+ 72.
Kg2 Nf6 73. Bd1 h6 74. Bc2+ Kf4 75. Nh3+ Kg4 76. Bd1+ Kxh4 77. Nf2 Ra2 78. Bf3
Nh5 79. Bxh5 Kxh5 80. Kg3 Kg5 81. Ne4+ Kg6 82. Nf2 Ra3+ 83. Kg2 h5 84. Nh3 Kf5
85. Nf2 Kg5 86. Nh1 h4 87. Nf2 Ra2 88. Kh3 Ra3+ 89. Kg2 Kf4 90. Nh3+ Kg4 91.
Nf2+ Kf5 92. Kh2 Ra2 93. Kh3 Rxf2 94. Kxh4 Rf3 95. Kh5 Rh3# 0-1

[Event "Titled Tue 17th Jun Late"]
[Site "chess.com INT"]
[Date "2025.06.17"]
[Round "5"]
[White "Grover, Sahaj"]
[Black "Caprio, Guido"]
[Result "1-0"]
[WhiteTitle "GM"]
[BlackTitle "IM"]
[WhiteElo "2465"]
[BlackElo "2435"]
[WhiteFideId "5021103"]
[BlackFideId "834580"]
[EventDate "2025.06.17"]

1. e4 d6 2. d4 Nf6 3. Nc3 e6 4. f4 Be7 5. Nf3 O-O 6. Bd3 c5 7. dxc5 dxc5 8. e5
Nd5 9. Ne4 Nb4 10. Be2 Qxd1+ 11. Bxd1 b6 12. a3 N4c6 13. c3 Ba6 14. Bc2 Rd8 15.
Be3 Na5 16. Rd1 Rxd1+ 17. Kxd1 Nbc6 18. Kc1 Nc4 19. Bf2 Rd8 20. a4 N4a5 21. g4
Bd3 22. Rd1 Be2 23. Rxd8+ Bxd8 24. Ned2 f6 25. exf6 gxf6 26. Be4 Ne7 27. Kc2 Nd5
28. f5 Nf4 29. fxe6 Nxe6 30. Bg3 Kg7 31. h3 Bc7 32. Bxc7 Nxc7 33. Nh4 Bf1 34.
Nf5+ Kf8 35. Ne3 Bxh3 36. b4 cxb4 37. cxb4 Na6 38. bxa5 bxa5 39. Kc3 Nb4 40.
Ndc4 Kg7 41. Nxa5 Na6 42. Nc6 Nc5 43. Bc2 a6 44. a5 h5 45. gxh5 Kh6 46. Bd1 Bd7
47. Nd4 Kg5 48. Kc4 Nb7 49. Kb4 f5 50. Nf3+ Kh6 51. Ne5 Be8 52. Nxf5+ Kg5 53.
Ng7 Bxh5 54. Nxh5 Kf5 55. Nc4 Kg5 56. Ng3 Nxa5 57. Nxa5 Kf4 58. Ne2+ Ke3 59. Nc3
Kd2 60. Be2 Ke3 61. Kc4 Kd2 62. Kd4 Kc2 63. Bd3+ Kb2 64. Kc4 Ka3 65. Nc6 Kb2 66.
Ne2 a5 67. Nxa5 Ka3 68. Nc6 Ka4 69. Ne7 Ka3 70. Ng6 Ka4 71. Nc3+ Ka5 72. Nd5 Ka4
73. Ne5 Ka3 74. Nf3 Kb2 75. Nd4 Kc1 76. Kc3 Kd1 77. Nf3 Kc1 78. Kb3 Kd1 79. Nc3+
Kc1 80. Ne2+ Kd1 81. Ng3 Kc1 82. Be2 Kb1 83. Ne4 Kc1 84. Nc5 Kb1 85. Kc3 Ka1 86.
Nb3+ Ka2 87. Bd3 Ka3 88. Bb1 Ka4 89. Nbd4 Ka5 90. Kc4 Kb6 91. Nb5 Kc6 92. Bf5
Kb6 93. Be4 Ka5 94. Kc5 Ka4 95. Bc2+ Ka5 96. Bb3 Ka6 97. Nd6 Ka5 98. Nb7+ Ka6
99. Kc6 Ka7 100. Kc7 Ka6 101. Bc4+ Ka7 102. Nd6 Ka8 103. Bb5 Ka7 104. Nc8+ Ka8
105. Bc6# 1-0

[Event "Titled Tue 17th Jun Late"]
[Site "chess.com INT"]
[Date "2025.06.17"]
[Round "5"]
[White "Guerra Mendez, Jose Angel"]
[Black "Fiorito, Joaquin"]
[Result "1/2-1/2"]
[WhiteTitle "GM"]
[BlackTitle "IM"]
[WhiteElo "2478"]
[BlackElo "2419"]
[WhiteFideId "3508129"]
[BlackFideId "180173"]
[EventDate "2025.06.17"]

1. e4 e5 2. Nf3 Nc6 3. Bc4 Nf6 4. d3 h6 5. c3 d6 6. a4 g6 7. a5 Bg7 8. O-O O-O
9. Nbd2 Rb8 10. Re1 b5 11. axb6 axb6 12. Ba2 d5 13. exd5 Nxd5 14. Nc4 Re8 15. h3
b5 16. Ne3 Nf4 17. Bb1 b4 18. c4 Be6 19. Ng4 Bxg4 20. hxg4 Ne6 21. Bc2 Nc5 22.
Be3 Nd4 23. Bxd4 exd4 24. Nd2 Rxe1+ 25. Qxe1 b3 26. Bb1 Qd7 27. Ne4 Nxe4 28.
Qxe4 Re8 29. Ra8 Rxa8 30. Qxa8+ Kh7 31. Qb7 Qxg4 32. Qxb3 h5 33. c5 h4 34. Bc2
Qf4 35. Bd1 Be5 36. Qd5 Kg7 37. Qf3 Qc1 38. b4 Qb1 39. Kf1 Qxb4 40. c6 Qc3 41.
Qe4 Bf6 42. Ke2 Qc5 43. Bb3 Be7 44. Qd5 Qxd5 45. Bxd5 f5 46. Kf3 Kf6 47. Bg8 g5
48. Bh7 g4+ 49. Ke2 Bd6 50. Kf1 Kg5 51. Ke2 Be5 52. f3 Kf4 53. fxg4 fxg4 54. Be4
Kg3 55. Kf1 Kh2 56. Bd5 Bg3 57. Be4 Bf4 58. Bd5 Kg3 59. Be4 Bd6 60. Bd5 Kf4 61.
Be4 Ke3 62. Bf5 Kf4 63. Be4 h3 64. gxh3 gxh3 65. Bd5 Ke3 66. Be4 Bg3 67. Kg1 h2+
68. Kh1 Ke2 69. Bf5 Kf2 70. Be4 Ke3 71. Bg6 Kf4 72. Be4 Ke5 73. Bf3 Bf4 74. Be4
Kd6 75. Bf3 Kc5 76. Be4 Kb4 77. Bf3 Kc3 78. Be4 Kd2 79. Kg2 Ke2 80. Kh1 Kf2 81.
Bf5 Bd6 82. Be4 Kg3 83. Bh7 Kf4 84. Be4 Ke5 85. Bh7 Ke6 86. Be4 Kf6 87. Kg2 Ke5
88. Kh1 Ke6 89. Kg2 Ke5 90. Kh1 Kf4 91. Kg2 Ke3 92. Kh1 Kf2 93. Bf5 Ke2 94. Be4
Kd2 95. Bf5 Kc3 96. Be4 Kb4 97. Kg2 Kc5 98. Kh1 Bf4 99. Kg2 Kd6 100. Kh1 Ke5
101. Kg2 Kf6 102. Kh1 Kg5 103. Kg2 Kg4 104. Bd5 Bd6 105. Be4 Kg5 106. Bd5 Kf6
107. Be4 Ke6 108. Bf3 Bf4 109. Be4 Kd6 110. Kh1 Bg3 111. Kg2 Be5 112. Kh1 Kc5
113. Kg2 Kb4 114. Kh1 Kc3 115. Kg2 Kd2 116. Kh1 Ke2 117. Kg2 Ke3 1/2-1/2

[Event "Titled Tue 17th Jun Late"]
[Site "chess.com INT"]
[Date "2025.06.17"]
[Round "5"]
[White "Askarov, Bakhtiyar"]
[Black "Janaszak, Dawid"]
[Result "1-0"]
[WhiteTitle "IM"]
[BlackTitle "FM"]
[WhiteElo "2297"]
[BlackElo "2306"]
[WhiteFideId "13701100"]
[BlackFideId "1119206"]
[EventDate "2025.06.17"]

1. Nf3 g6 2. c4 Bg7 3. g3 Nf6 4. Bg2 c6 5. O-O d5 6. b3 O-O 7. Bb2 e6 8. d3 Nbd7
9. Nbd2 a5 10. a3 Qb6 11. Rc1 Rd8 12. Rc2 Qa7 13. Qa1 b5 14. cxb5 cxb5 15. Rfc1
Ng4 16. Bd4 Bxd4 17. Qxd4 Qxd4 18. Nxd4 b4 19. Nc6 Re8 20. axb4 axb4 21. Nxb4
Ndf6 22. Nc6 Bd7 23. d4 Bxc6 24. Rxc6 Ra2 25. R6c2 Rea8 26. h3 Nh6 27. e3 Nf5
28. Bf1 Nd6 29. Bd3 Rxc2 30. Rxc2 h5 31. Kg2 Kf8 32. Nf3 Rb8 33. Nd2 Rb6 34. Kf3
Nd7 35. Ke2 Ke7 36. Kd1 e5 37. dxe5 Nxe5 38. Be2 Ke6 39. Kc1 f5 40. Kb2 Kf6 41.
Rc3 Nc6 42. Rc5 Nb4 43. Kc3 Na2+ 44. Kb2 Nb4 45. Rc7 Nf7 46. Nf3 g5 47. Nd4 g4
48. hxg4 hxg4 49. Kc3 Na2+ 50. Kb2 Nb4 51. Bb5 Ne5 52. Kc3 Na2+ 53. Kd2 Nb4 54.
Rc8 Nf3+ 55. Nxf3 Rxb5 56. Nd4 Ra5 57. Rb8 Na6 58. Ra8 Ra2+ 59. Kc3 Nb4 60. Rxa2
Nxa2+ 61. Kd2 Ke5 62. Nc2 Ke4 63. b4 Ke5 64. b5 Kd6 65. Nd4 Kc5 66. Nxf5 Kxb5
67. Nh6 Nb4 68. Nxg4 Kc5 69. Nh6 Nc6 70. Nf5 Ne5 71. Ke2 Kc6 72. Nd4+ Kd7 73. f4
Nf7 74. g4 Ke7 75. g5 Nd6 76. Kf3 Ne4 77. Kg4 Kd6 78. g6 Ke7 79. Nf3 Kf6 80. Ne5
Nf2+ 81. Kf3 Ne4 82. Ke2 Ng3+ 83. Kd3 Nf5 84. Kd2 Kg7 85. Ke2 Kf6 86. Kd3 Kg7
87. e4 dxe4+ 88. Kxe4 Ng3+ 89. Kf3 Nf5 90. Kg4 Kf6 91. Kh5 Ng3+ 92. Kh6 Nf5+ 93.
Kh7 Ng7 94. Ng4+ Ke7 95. Kxg7 1-0

[Event "Titled Tue 17th Jun Late"]
[Site "chess.com INT"]
[Date "2025.06.17"]
[Round "5"]
[White "Cernov, Henrik"]
[Black "Kravtsiv, Martyn"]
[Result "0-1"]
[WhiteTitle "FM"]
[BlackTitle "GM"]
[WhiteElo "2325"]
[BlackElo "2598"]
[WhiteFideId "16258312"]
[BlackFideId "14113147"]
[EventDate "2025.06.17"]

1. e4 e5 2. Nc3 Nf6 3. d4 exd4 4. Qxd4 Nc6 5. Qd3 Bc5 6. Bf4 d6 7. Qd2 O-O 8.
O-O-O a6 9. f3 b5 10. Bg5 h6 11. Bh4 Nxe4 12. Qe1 Nf6 13. Ne4 g5 14. Nxc5 gxh4
15. Qxh4 Nd7 16. Qxd8 Rxd8 17. Ne4 f5 18. Ng3 Nf6 19. Bd3 Ne7 20. Nh3 c5 21.
Rhe1 Ra7 22. Nf4 Kf7 23. c4 d5 24. b3 bxc4 25. bxc4 d4 26. Re5 Nd7 27. Re2 Nf8
28. Rde1 Nfg6 29. Nxg6 Nxg6 30. Bxf5 Nf4 31. Rd2 h5 32. Bxc8 Rxc8 33. Ne4 Rc6
34. g3 Ne6 35. f4 Rb7 36. Rb2 Rxb2 37. Kxb2 Rb6+ 38. Kc2 Rb4 39. Kd3 Ra4 40. Ra1
Ra3+ 41. Kd2 Kg6 42. Nf2 Kf5 43. Nd3 Ra4 44. Ne5 h4 45. Kc2 Ra3 46. Kb2 Re3 47.
Rg1 Re2+ 48. Kb3 Rxh2 49. gxh4 Nxf4 50. Nd7 Rh3+ 51. Kc2 Ne6 52. Rf1+ Ke4 53.
Re1+ Re3 54. Rg1 Re2+ 55. Kd1 Rxa2 56. Rg4+ Kf3 57. Ne5+ Ke3 58. h5 Nf4 59. Kc1
d3 60. Rg3+ Ke4 61. Nf3 Ne2+ 62. Kb1 Ra4 63. Rh3 Nc3+ 64. Kb2 Nd1+ 65. Kc1 Ra1+
66. Kd2 Nb2 67. Ng5+ Kd4 68. Nf3+ Ke4 69. Ng5+ Kf5 70. Nf3 Kg4 71. Rh2 Kxf3 72.
Kc3 Nd1+ 73. Kxd3 Nf2+ 74. Kc2 Ra2+ 75. Kb3 Re2 76. h6 Re8 77. h7 Rh8 78. Rh5
Ne4 79. Ka4 Ke3 80. Kb3 Kd3 81. Rd5+ Ke3 82. Rh5 a5 83. Kc2 Kd4 84. Kb3 a4+ 85.
Kxa4 Kxc4 86. Ka5 Kd4 87. Kb5 c4 88. Kb4 c3 89. Kb3 Rb8+ 90. Kc2 Rh8 91. Rh4 Ke5
92. Kd3 Rd8+ 93. Ke3 c2 94. Rxe4+ Kd5 95. Rd4+ Kc5 96. Rxd8 c1=Q+ 97. Rd2 Qc3+
98. Ke2 Qe5+ 99. Kd1 Qh5+ 100. Kc1 Qxh7 101. Rc2+ Kb4 102. Rb2+ Kc3 103. Re2
Qh1+ 104. Re1 Qxe1# 0-1

[Event "Titled Tue 17th Jun Late"]
[Site "chess.com INT"]
[Date "2025.06.17"]
[Round "6"]
[White "Guliev, Gasan"]
[Black "Brady, Tyson"]
[Result "0-1"]
[WhiteTitle "CM"]
[BlackTitle "CM"]
[WhiteElo "2123"]
[BlackElo "2170"]
[WhiteFideId "34165638"]
[BlackFideId "30970369"]
[EventDate "2025.06.17"]

1. c4 Nf6 2. Nc3 g6 3. e4 d6 4. d4 Bg7 5. f3 O-O 6. Be3 c5 7. d5 e6 8. Qd2 exd5
9. cxd5 Re8 10. O-O-O a6 11. h4 h5 12. g4 b5 13. g5 Nfd7 14. f4 b4 15. Na4 Rxe4
16. Bg2 Re8 17. Ne2 Qa5 18. b3 Nb6 19. Nxb6 Qxb6 20. Ng3 Qa5 21. Qc2 Rxe3 22.
Nf1 Rc3 0-1

[Event "Titled Tue 17th Jun Late"]
[Site "chess.com INT"]
[Date "2025.06.17"]
[Round "6"]
[White "Ersoz, Teoman Guney"]
[Black "Baylav, Can"]
[Result "1-0"]
[WhiteTitle "CM"]
[WhiteElo "2052"]
[BlackElo "2056"]
[WhiteFideId "44537050"]
[BlackFideId "6361293"]
[EventDate "2025.06.17"]

1. d4 d5 2. Nc3 Nf6 3. Bg5 Bf5 4. f3 e6 5. e4 dxe4 6. fxe4 Bg4 7. Bxf6 Qxf6 8.
Qxg4 Qxd4 9. Nf3 Qb6 10. O-O-O Nc6 11. e5 a6 12. Bc4 g6 13. Rhf1 Bg7 14. Bxe6
fxe6 15. Qxe6+ Ne7 16. Qd7+ Kf8 17. Ng5+ Kg8 18. Qxe7 1-0

[Event "Titled Tue 17th Jun Late"]
[Site "chess.com INT"]
[Date "2025.06.17"]
[Round "6"]
[White "Matyakubov, Miraziz"]
[Black "Krishnakumar, Sriram"]
[Result "0-1"]
[WhiteTitle "CM"]
[BlackTitle "FM"]
[WhiteElo "2278"]
[BlackElo "2197"]
[WhiteFideId "14215772"]
[BlackFideId "30915856"]
[EventDate "2025.06.17"]

1. e4 e5 2. Nf3 Nc6 3. Bb5 a6 4. Bxc6 dxc6 5. O-O Bd6 6. d4 exd4 7. Qxd4 f6 8.
e5 Bxe5 9. Nxe5 Qxd4 10. Nf3 Qg4 11. Nc3 Ne7 12. Re1 Kf7 13. h3 Qh5 14. Bf4 Bxh3
15. Bg3 Bg4 16. Nd4 Rhe8 17. f3 Bd7 18. Bxc7 Nd5 19. Ne4 Nxc7 20. Nd6+ Kg8 21.
Nxe8 Rxe8 0-1

[Event "Titled Tue 17th Jun Late"]
[Site "chess.com INT"]
[Date "2025.06.17"]
[Round "6"]
[White "Shandrygin, Nikita"]
[Black "Gubajdullin, Alexei"]
[Result "1-0"]
[WhiteTitle "FM"]
[BlackTitle "FM"]
[WhiteElo "2209"]
[BlackElo "2233"]
[WhiteFideId "24198668"]
[BlackFideId "4141202"]
[EventDate "2025.06.17"]

1. Nf3 Nf6 2. g3 g6 3. d4 Bg7 4. Bg2 O-O 5. O-O d6 6. c4 Nbd7 7. Nc3 e5 8. e4 c6
9. Re1 a5 10. h3 a4 11. Nxa4 exd4 12. Nxd4 Re8 13. Nc3 Nc5 14. b4 Ne6 15. Be3
Nd7 16. Nxe6 Rxe6 17. Bd4 Ne5 18. f4 c5 19. bxc5 dxc5 20. Bxe5 Qxd1 21. Raxd1
Bxe5 22. Rd8+ Kg7 23. fxe5 Rxe5 24. Nd5 b6 25. Nxb6 1-0

[Event "Titled Tue 17th Jun Late"]
[Site "chess.com INT"]
[Date "2025.06.17"]
[Round "6"]
[White "Panin, Mikhail"]
[Black "Fedunov, Danil"]
[Result "1-0"]
[WhiteTitle "CM"]
[WhiteElo "2255"]
[BlackElo "1917"]
[WhiteFideId "34164992"]
[BlackFideId "2006413"]
[EventDate "2025.06.17"]

1. e4 e6 2. d4 d5 3. exd5 exd5 4. Nf3 Nf6 5. Bd3 c6 6. O-O Be7 7. Bf4 O-O 8.
Nbd2 Bg4 9. h3 Bh5 10. c3 Nbd7 11. Qc2 Bg6 12. Rfe1 Re8 13. Re2 Nf8 14. Rae1 Qd7
15. Ne5 Qc8 16. Bxg6 Nxg6 17. Nxg6 hxg6 18. Rxe7 1-0

[Event "Titled Tue 17th Jun Late"]
[Site "chess.com INT"]
[Date "2025.06.17"]
[Round "6"]
[White "Dauer, Andre Leonardo"]
[Black "Fathy, Elameir"]
[Result "0-1"]
[WhiteTitle "CM"]
[BlackTitle "FM"]
[WhiteElo "2138"]
[BlackElo "2300"]
[WhiteFideId "2126915"]
[BlackFideId "10600396"]
[EventDate "2025.06.17"]

1. e4 c5 2. Nf3 e6 3. d3 d5 4. Nbd2 Nc6 5. g3 Nf6 6. Bg2 Be7 7. O-O b6 8. Re1
Bb7 9. e5 Nd7 10. Nf1 Qc7 11. Bf4 h6 12. h4 O-O-O 13. c3 g5 14. hxg5 hxg5 15.
Nxg5 Bxg5 16. Bxg5 Rdg8 17. Bf4 d4 18. c4 Ncxe5 19. Qe2 Bxg2 20. Kxg2 Qc6+ 21.
f3 Ng6 22. Qe4 Qxe4 23. Rxe4 f5 0-1

[Event "Titled Tue 17th Jun Late"]
[Site "chess.com INT"]
[Date "2025.06.17"]
[Round "6"]
[White "Gustafsson, Jan"]
[Black "Pullela, Sricharan"]
[Result "1-0"]
[WhiteTitle "GM"]
[WhiteElo "2591"]
[BlackElo "2144"]
[WhiteFideId "4625498"]
[BlackFideId "30951089"]
[EventDate "2025.06.17"]

1. Nf3 Nf6 2. c4 d6 3. Nc3 g6 4. g3 Bg7 5. Bg2 O-O 6. O-O c5 7. d4 Nc6 8. dxc5
dxc5 9. Be3 Qa5 10. Nd2 Be6 11. Nb3 Qc7 12. Nd5 Bxd5 13. cxd5 Nd4 14. Nxd4 cxd4
15. Bxd4 a6 16. Rc1 Qa5 17. Qb3 b5 18. d6 Rae8 19. Bc6 exd6 20. Bxe8 Rxe8 21.
Qf3 1-0

[Event "Titled Tue 17th Jun Late"]
[Site "chess.com INT"]
[Date "2025.06.17"]
[Round "6"]
[White "Volodin, Alexandr E."]
[Black "Muratov, Batyrkhan"]
[Result "1-0"]
[WhiteTitle "FM"]
[BlackTitle "FM"]
[WhiteElo "2344"]
[BlackElo "2337"]
[WhiteFideId "34268871"]
[BlackFideId "13712667"]
[EventDate "2025.06.17"]

1. d4 d6 2. e4 Nf6 3. Nc3 g6 4. h4 Bg7 5. Be2 h5 6. f3 c6 7. Be3 b5 8. a3 a5 9.
Qd2 Nbd7 10. Nh3 Nb6 11. Ng5 Bb7 12. O-O O-O 13. Bf2 b4 14. axb4 axb4 15. Rxa8
Bxa8 16. Nd1 b3 17. cxb3 Qc7 18. Ne3 e5 19. dxe5 dxe5 20. Rc1 Rd8 21. Qc3 Bf8
22. Nc4 Nbd7 23. Qa5 Qb7 24. Qxd8 Qxb3 25. Qxa8 1-0

[Event "Titled Tue 17th Jun Late"]
[Site "chess.com INT"]
[Date "2025.06.17"]
[Round "6"]
[White "Menahem, Adi"]
[Black "Goodrich, Elliott"]
[Result "0-1"]
[WhiteTitle "CM"]
[WhiteElo "2272"]
[BlackElo "2019"]
[WhiteFideId "2847027"]
[BlackFideId "39902064"]
[EventDate "2025.06.17"]

1. b3 Nf6 2. Bb2 g6 3. e4 Bg7 4. d3 d6 5. Nd2 O-O 6. Ne2 e5 7. g3 b6 8. Bg2 Bb7
9. O-O Re8 10. h3 d5 11. exd5 Bxd5 12. Ne4 Nc6 13. Nxf6+ Bxf6 14. Nc3 Bxg2 15.
Kxg2 Nd4 16. Qg4 Nxc2 17. Rac1 Nd4 18. Ne4 Bg7 19. Bxd4 Qxd4 20. Qg5 h6 21. Nf6+
Kh8 22. Qh4 Qxh4 23. gxh4 Bxf6 0-1

[Event "Titled Tue 17th Jun Late"]
[Site "chess.com INT"]
[Date "2025.06.17"]
[Round "6"]
[White "Yevchenko, Oleksandr"]
[Black "Papacek, Stepan"]
[Result "1-0"]
[WhiteTitle "CM"]
[BlackTitle "FM"]
[WhiteElo "2276"]
[BlackElo "2225"]
[WhiteFideId "14108267"]
[BlackFideId "301035"]
[EventDate "2025.06.17"]

1. c4 e6 2. e4 d5 3. exd5 exd5 4. cxd5 Nf6 5. Nc3 Be7 6. Bc4 Kf8 7. d3 Nbd7 8.
Nf3 Nb6 9. Qb3 a5 10. a4 h6 11. O-O Bd6 12. h3 Kg8 13. Be3 Kh7 14. Bxb6 cxb6 15.
Nb5 Re8 16. Rfe1 Rxe1+ 17. Rxe1 Bb4 18. Re3 Bf5 19. d4 Qd7 20. Ne5 1-0

[Event "Titled Tue 17th Jun Late"]
[Site "chess.com INT"]
[Date "2025.06.17"]
[Round "6"]
[White "Wahedi, Ahmad Siar"]
[Black "Unver, Cumayi"]
[Result "1-0"]
[WhiteTitle "FM"]
[WhiteElo "2239"]
[BlackElo "2012"]
[WhiteFideId "4651260"]
[BlackFideId "6304940"]
[EventDate "2025.06.17"]

1. e4 c6 2. d4 d5 3. f3 e6 4. Bd3 Nf6 5. e5 Nfd7 6. f4 c5 7. c3 Nc6 8. Nf3 Be7
9. O-O O-O 10. a3 a5 11. Be3 a4 12. Nbd2 b6 13. Qe2 Bb7 14. Kh1 Qc8 15. g4 Ba6
16. f5 Bxd3 17. Qxd3 Qa6 18. Qc2 Qe2 19. Rae1 Qb5 20. Bg5 Bxg5 21. Nxg5 h6 22.
fxe6 hxg5 23. exd7 cxd4 24. Qf5 dxc3 25. bxc3 d4 26. e6 fxe6 27. Qxb5 1-0

[Event "Titled Tue 17th Jun Late"]
[Site "chess.com INT"]
[Date "2025.06.17"]
[Round "6"]
[White "Caprio, Guido"]
[Black "Mulawa, Cyprian"]
[Result "1-0"]
[WhiteTitle "IM"]
[BlackTitle "FM"]
[WhiteElo "2435"]
[BlackElo "2324"]
[WhiteFideId "834580"]
[BlackFideId "21001855"]
[EventDate "2025.06.17"]

1. d4 Nf6 2. c4 c5 3. d5 b5 4. Nf3 b4 5. Nbd2 g6 6. e4 d6 7. e5 dxe5 8. Nxe5 Bg7
9. Ndf3 O-O 10. Be2 Ng4 11. Nd3 Nd7 12. O-O a5 13. h3 Nge5 14. Nfxe5 Nxe5 15.
Nxc5 Qc7 16. Be3 a4 17. Rc1 a3 18. b3 Bf5 19. Nd3 Bxd3 20. Bxd3 Rad8 21. Be2 e6
22. f4 Nc6 23. Bf3 exd5 24. cxd5 Qe7 25. Bc5 Qxc5+ 26. Rxc5 Bd4+ 27. Kh1 Bxc5
28. Qc2 Nd4 29. Qxc5 Nf5 30. Kg1 Rc8 31. Qxb4 Rc1 1-0

[Event "Titled Tue 17th Jun Late"]
[Site "chess.com INT"]
[Date "2025.06.17"]
[Round "6"]
[White "Sailer, Mike"]
[Black "Manukian, Artak"]
[Result "0-1"]
[WhiteElo "2108"]
[BlackElo "2104"]
[WhiteFideId "2012901"]
[BlackFideId "13301373"]
[EventDate "2025.06.17"]

1. d4 d5 2. Nf3 Nf6 3. e3 Bg4 4. Bd3 e6 5. b3 Nbd7 6. Bb2 Bd6 7. Nbd2 O-O 8. O-O
Bh5 9. Qe1 Bg6 10. Ne5 c6 11. f4 Bxd3 0-1

[Event "Titled Tue 17th Jun Late"]
[Site "chess.com INT"]
[Date "2025.06.17"]
[Round "6"]
[White "Avramidou, Anastasia"]
[Black "Mika, Tomasz"]
[Result "1-0"]
[WhiteTitle "FM"]
[BlackTitle "CM"]
[WhiteElo "2294"]
[BlackElo "2227"]
[WhiteFideId "4239873"]
[BlackFideId "1132970"]
[EventDate "2025.06.17"]

1. Nf3 Nf6 2. c4 e6 3. Nc3 Be7 4. e4 d6 5. d4 c5 6. d5 e5 7. h3 Nbd7 8. g4 Nf8
9. Be3 Ng6 10. Qd2 a6 11. a4 b6 12. Bd3 Bd7 13. Ng1 h5 14. g5 Nh7 15. h4 Nhf8
16. Nge2 Qc7 17. Kd1 Bg4 18. Kc2 Nd7 19. Ng3 Bf3 20. Rh2 a5 21. Be2 Bxe2 22.
Qxe2 O-O-O 23. Nxh5 Rh7 24. Ng3 Rxh4 25. Rxh4 Nxh4 26. Rh1 Ng6 27. Nf5 Bf8 28.
Rh7 Nb8 29. Qf3 Na6 30. Nxg7 Nb4+ 31. Kb3 Kb8 32. Ne6 fxe6 33. Rxc7 Kxc7 34.
Qf7+ Ne7 35. g6 1-0